| 000 | 01267nam a2200325 4500 | ||
|---|---|---|---|
| 003 | EG-GICUC | ||
| 005 | 20260121101341.0 | ||
| 008 | 251124s1980 le ||||fr|||| 000 0 ara d | ||
| 040 |
_a EG-GICUC _bara _c EG-GICUC _d EG-GICUC _erda |
||
| 041 | 0 | _aara | |
| 082 | 0 | 4 |
_221 _a255 _bع ب . ت |
| 092 | 0 | 4 | _221 |
| 099 | _aLaw1 01 255 ع ب . ت [1980] | ||
| 100 | 0 |
_aعبدالقادر عودة _eمؤلف. |
|
| 245 | 1 | 0 |
_aالتشريع الجنائي الأسلامي. _nالجزء الأول : _bمقارنا بالقانون الوضعي / _cتأليف عبدالقادر عوده. |
| 264 | 1 |
_aبيروت : _bدار الكاتب العربي، _c[1980]. |
|
| 300 |
_a818 صفحة، صفحات غير مرقمة ؛ _c24 سم. |
||
| 336 |
_2rda content _atext |
||
| 337 |
_2rda media _aComputer |
||
| 338 |
_2rda carrier _aOnline Resource |
||
| 490 | 0 | _3سلسلة الثقافة العامة | |
| 504 | _aببليوجرافيا: صفحات 786-782 | ||
| 504 | _aيشتمل على إرجاعات ببليوجرافية. | ||
| 546 | _aالنص باللغة العربية | ||
| 650 | 1 |
_aالجنايات _2qrmak |
|
| 651 | 1 | _2qrmak | |
| 856 | 4 | 0 | _uhttps://fll.law.cu.edu.eg/fulltext/bks/B01-03228.pdf |
| 905 |
_a62 _eYara |
||
| 942 |
_2ddc _n0 _cBK _e21 |
||
| 999 |
_c45807 _d45807 |
||